000 00662nam a22002417a 4500
003 UA-OsUOA
001 59516
007 ta
008 20090331b un ||||| |||| 00| 0 ukr d
100 _aКуртяк В. Ю.
090 _a329(477)
_bК93
942 _cBK
040 _aUA-OsUOA
_bukr
_cUA-OsUOA
_dUA-OsUOA
245 _aЕтнічний фактор у діяльності політичних партій в Україні
_bМонографія
300 _a156 с.
955 _a1
041 _aukr
080 _a329(477)
020 _a966-608-635-2
260 _aК.
_bМАУП
_c2006
650 7 _a32 Політика
_2UDC
999 _c345542
_d345542